UBT Library

A bird's-eye view of life with ADD and ADHD : (Record no. 47110)

000 -LEADER
fixed length control field 00828cam a22002537a 4500
001 - CONTROL NUMBER
control field 13550482
005 - DATE AND TIME OF LATEST TRANSACTION
control field 20180814061859.0
008 - FIXED-LENGTH DATA ELEMENTS--GENERAL INFORMATION
fixed length control field 040407s2003 alua b 000 0 eng d
010 ## - LIBRARY OF CONGRESS CONTROL NUMBER
LC control number 2003094291
020 ## - INTERNATIONAL STANDARD BOOK NUMBER
International Standard Book Number 0967991137
035 ## - SYSTEM CONTROL NUMBER
System control number (OCoLC)ocm54438645
040 ## - CATALOGING SOURCE
Original cataloging agency GGS
Transcribing agency GGS
Modifying agency DLC
041 ## - LANGUAGE CODE
Language code of text/sound track or separate title eng
042 ## - AUTHENTICATION CODE
Authentication code lccopycat
080 ## - UNIVERSAL DECIMAL CLASSIFICATION NUMBER
Universal Decimal Classification number 618.92
082 00 - DEWEY DECIMAL CLASSIFICATION NUMBER
Classification number 618.92
Edition number 22
100 1# - Rafti
Rafti 25
101 ## - Shkurtesa
Shkurtesa EDU
245 12 - TITLE STATEMENT
Title A bird's-eye view of life with ADD and ADHD :
Statement of responsibility, etc by Chris A. Zeigler Dendy, Alex Zeigler.
504 ## - BIBLIOGRAPHY, ETC. NOTE
Bibliography, etc Includes bibliographical references (p. 174-175).
906 ## - LOCAL DATA ELEMENT F, LDF (RLIN)
a 7
b cbc
c copycat
d 3
e ncip
f 20
g y-gencatlg
942 ## - ADDED ENTRY ELEMENTS (KOHA)
Source of classification or shelving scheme
Item type Books
Holdings
Withdrawn status Lost status Source of classification or shelving scheme Damaged status Not for loan Collection code Permanent location Current location Shelving location Date acquired Total Checkouts Full call number Barcode Date last seen Price effective from Koha item type
          Koleksioni i përgjithshem UBT - Lipjan UBT - Lipjan Koleksioni i përgjithshem 08/14/2018   618.92 DEN 002-3011793 08/14/2018 08/14/2018 Books
UBT Library © 2015-2024. All rights reserved University Education for Business and Technology